000 00475nam a2200205Ia 4500
003 OSt
005 20231102101609.0
008 210210b1817 xxu||||| |||| 00| 0 eng d
040 _cAL
041 _aeng
082 _a829/21
100 _aAUSTEN (Jane)
_9140435
245 _aNorthanger abbey
260 _bNot Mentioned
_c1817
650 _aNorthanger
_9140436
650 _aabbey
_9140437
690 _aEnglish Fiction
_9140438
906 _a016632
942 _2ddc
_cBK
999 _c136261
_d136261